000 00586nam a2200229 a 4500
001 BRCA_6515
005 20190320205503.0
008 280911s1910----gw-#######---#000-0#ger-#
041 _ager
044 _agw
050 4 _aGT75
_b.K46 1910
100 1 _aKemmerich, Max
_d1876-
_916270
245 1 0 _aKultur-kuriosa
_cvon Dr. Max Kemmerich.
260 _aMúnich
_bAlbert Langen
_c1910
300 _a2 v.
_c18 cm.
500 _aEdición con cantos dorados
500 _aL52
650 1 4 _aUsos y costumbres
_916271
650 1 4 _aCivilización
_91003
902 _aGFM
942 _2lcc
_cB
999 _c6199
_d6199